This or That Word Association Labyrinth Quiz Stats

 Plays Quiz Updated Mar 29, 2018

Challenge
Share
Tweet
Embed
Score 0/204 Timer 10:00
16 Plays Today
% Correct
Fake or
100%
•••¤¤¤O¤¤¤•••
96.2%
•••¤¤¤O¤¤¤•••
96.2%
REAL
96.2%
Front or
96.2%
Write or
86.7%
•••¤¤¤O¤¤¤•••
86.7%
•••¤¤¤O¤¤¤•••
86.7%
REAR
86.5%
Alive or
78.1%
Mend or
78%
READ
77.9%
•••¤¤¤O¤¤¤•••
77.8%
•••¤¤¤O¤¤¤•••
77.8%
Follow or
77.8%
DEAD
77.6%
•••¤¤¤O¤¤¤•••
76.7%
•••¤¤¤O¤¤¤•••
76.7%
Borrow or
76.6%
Tail or
76.5%
LEAD
76.4%
Released or
74.2%
HEAD
73.7%
Sea or
73.1%
•••¤¤¤O¤¤¤•••
72.9%
•••¤¤¤O¤¤¤•••
72.9%
LEND
72.5%
Receive or
72.5%
•••¤¤¤O¤¤¤•••
72.4%
•••¤¤¤O¤¤¤•••
72.4%
Solo Artist or
72.3%
Straighten or
71.7%
Untie or
71.5%
LAND
71%
BAND
70.8%
Stock or
70.3%
•••¤¤¤O¤¤¤•••
70.2%
•••¤¤¤O¤¤¤•••
70.2%
•••¤¤¤O¤¤¤•••
69.9%
•••¤¤¤O¤¤¤•••
69.9%
BEND
69.1%
•••¤¤¤O¤¤¤•••
67.2%
•••¤¤¤O¤¤¤•••
67.2%
Tame or
67.1%
Spicy or
67.1%
Won't or
66.9%
Unravel or
66.9%
Sick or
66.8%
Valley or
66.8%
•••¤¤¤O¤¤¤•••
66.8%
•••¤¤¤O¤¤¤•••
66.8%
Heaven or
66.7%
•••¤¤¤O¤¤¤•••
66.6%
•••¤¤¤O¤¤¤•••
66.6%
HELL
66.6%
Body or
66.6%
WILL
66.5%
Creamer or
66.3%
WILD
66.3%
Cinnamon or
66%
Yours or
66%
•••¤¤¤O¤¤¤•••
65.9%
•••¤¤¤O¤¤¤•••
65.9%
Beer or
65.9%
WELL
65.8%
MILD
65.8%
MINE
65.6%
Coarse or
65.6%
% Correct
Sable or
65.6%
Narrow or
65.5%
WINE
65.5%
Dance or
65.4%
•••¤¤¤O¤¤¤•••
65.4%
•••¤¤¤O¤¤¤•••
65.4%
•••¤¤¤O¤¤¤•••
65.3%
•••¤¤¤O¤¤¤•••
65.3%
•••¤¤¤O¤¤¤•••
65.2%
•••¤¤¤O¤¤¤•••
65.2%
HELD
65.2%
Satin or
65.2%
•••¤¤¤O¤¤¤•••
65.2%
•••¤¤¤O¤¤¤•••
65.2%
•••¤¤¤O¤¤¤•••
65.1%
•••¤¤¤O¤¤¤•••
65.1%
MIND
65.1%
Seek or
64.8%
Float or
64.8%
WIDE
64.8%
Mean or
64.5%
SINK
64.5%
HILL
64.3%
MILK
64.2%
SILK
64%
Own or
63.3%
BIND
63.3%
REND
63.2%
Queen or
63.2%
FINE
63.1%
KING
63.1%
WIND
62.8%
KIND
62.7%
Fire or
62.6%
HIDE
62%
SING
61.7%
•••¤¤¤O¤¤¤•••
61.4%
•••¤¤¤O¤¤¤•••
61.4%
SEND
61.2%
Delete or
61.1%
Quart or
61.1%
Blue or
61.1%
Skirt or
60.6%
Skin or
60.3%
All or
60.3%
BOND
60.2%
PINT
60.1%
RENT
59.8%
Future or
59.5%
Found or
59.4%
First or
59.4%
Blink or
59.3%
PINK
59.3%
•••¤¤¤O¤¤¤•••
59.3%
•••¤¤¤O¤¤¤•••
59.3%
West or
59.3%
PAST
59.3%
LAST
59.2%
LOST
59.2%
MINK
59.1%
PANT
59%
EAST
58.6%
NONE
58.5%
•••¤¤¤O¤¤¤•••
58.3%
•••¤¤¤O¤¤¤•••
58.3%
Drive or
58.3%
•••¤¤¤O¤¤¤•••
58.2%
•••¤¤¤O¤¤¤•••
58.2%
% Correct
MINT
57.8%
Tortoise or
57.8%
Starboard or
57.8%
Truth or
57.8%
Light or
57.7%
BONE
57.6%
•••¤¤¤O¤¤¤•••
57.6%
•••¤¤¤O¤¤¤•••
57.6%
DARK
57.6%
Easy or
57.5%
HARE
57.5%
DARE
57.4%
Beef or
57.4%
Whole or
57.3%
•••¤¤¤O¤¤¤•••
57.3%
•••¤¤¤O¤¤¤•••
57.3%
HARD
57.2%
Slack Off or
57.1%
PORK
57.1%
PORT
56.8%
HIRE
56.8%
PARK
56.6%
PART
56.2%
Early Bird or
56%
WORK
55.9%
•••¤¤¤O¤¤¤•••
55.5%
•••¤¤¤O¤¤¤•••
55.5%
WINK
55.2%
Excel or
55.1%
WORM
54.9%
Least or
54.7%
MOST
54.6%
Drawbridge or
54.6%
POST
54.5%
•••¤¤¤O¤¤¤•••
53.8%
•••¤¤¤O¤¤¤•••
53.8%
•••¤¤¤O¤¤¤•••
53.5%
•••¤¤¤O¤¤¤•••
53.5%
•••¤¤¤O¤¤¤•••
53%
•••¤¤¤O¤¤¤•••
53%
•••¤¤¤O¤¤¤•••
53%
Chevy or
53%
MOAT
53%
Flatten or
52.7%
WORD
52.7%
FORD
52.5%
•••¤¤¤O¤¤¤•••
49.4%
•••¤¤¤O¤¤¤•••
49.4%
Meek or
49.3%
FOLD
49%
Silver or
49%
GOLD
49%
Nut or
48.5%
BOLD
48.2%
Sweater or
47.1%
Filly or
47%
Car or
47%
Suspenders or
46.9%
BOLT
46.9%
BELT
46.3%
COLT
46.3%
COAT
46%
A Long Talk or
46%
BOAT
45.9%
This or
44.3%
CHAT
44.3%
⭐!!!FINISH!!!⭐
44.1%
THAT
44.1%

You're not logged in!

Compare scores with friends on all Sporcle quizzes.
OR
Log In

You Might Also Like...

Show Comments

Extras

Top Quizzes Today


Score Distribution

Your Account Isn't Verified!

In order to create a playlist on Sporcle, you need to verify the email address you used during registration. Go to your Sporcle Settings to finish the process.

Report this User

Report this user for behavior that violates our Community Guidelines.

Details: